000 01267cam a2200277Ia 4500
001 319494238
003 OCoLC
005 20250901063008.0
008 090427s2009 wiua c 000 f eng d
020 _a9781593696269 (hbk.) :
_c$29.95
020 _a1593696264
040 _aBTCTA
_beng
_cBTCTA
_dWIM
_dOCLCA
_dOCLCQ
_dCVS
043 _an-us-ny
100 1 _aGreene, Jacqueline Dembar.
245 1 0 _aRebecca story collection /
_cby Jacqueline Dembar Greene ; illustrations by Robert Hunt.
260 _aMiddleton, WI :
_bAmerican Girl Pub.,
_cc2009.
300 _a439 p. :
_bill. (chiefly col.) ;
_c23 cm.
440 0 _aAmerican girl.
520 _a"Rebecca Rubin dreams of being an actress. Growing up in a big Jewish family, Rebecca has never been outside her immigrant neighborhood in New York City. As her world expands and she sees the plight of new immigrants, Rebecca decides that acting means not just performing, but also taking a stand against injustice"--P. [4] of cover.
521 _aNew January 2013.
650 0 _aJews
_zNew York (State)
_zNew York
_vJuvenile fiction.
650 0 _aFamilies
_zNew York (State)
_zNew York
_vFiction.
651 0 _aNew York (N.Y.)
_xHistory
_y1898-1951
_vFiction.
700 1 _aHunt, Robert,
_d1952-
_eill.
942 _cBK
999 _c31055
_d31053